<?xml version="1.0" encoding="UTF-8"?>
<collection xmlns="http://www.loc.gov/MARC21/slim">
 <record>
  <leader>02524cam a2200565   4500</leader>
  <controlfield tag="001">1017783527</controlfield>
  <controlfield tag="003">DE-627</controlfield>
  <controlfield tag="005">20220520113944.0</controlfield>
  <controlfield tag="007">tu</controlfield>
  <controlfield tag="008">180404s2018    fr ||||| r    00| ||fre c</controlfield>
  <datafield tag="020" ind1=" " ind2=" ">
   <subfield code="a">9782355180767</subfield>
   <subfield code="9">978-2-35518-076-7</subfield>
  </datafield>
  <datafield tag="020" ind1=" " ind2=" ">
   <subfield code="a">2355180768</subfield>
   <subfield code="9">2-35518-076-8</subfield>
  </datafield>
  <datafield tag="035" ind1=" " ind2=" ">
   <subfield code="a">(DE-627)1017783527</subfield>
  </datafield>
  <datafield tag="035" ind1=" " ind2=" ">
   <subfield code="a">(DE-576)501957200</subfield>
  </datafield>
  <datafield tag="035" ind1=" " ind2=" ">
   <subfield code="a">(DE-599)GBV1017783527</subfield>
  </datafield>
  <datafield tag="035" ind1=" " ind2=" ">
   <subfield code="a">(OCoLC)1042249822</subfield>
  </datafield>
  <datafield tag="040" ind1=" " ind2=" ">
   <subfield code="a">DE-627</subfield>
   <subfield code="b">ger</subfield>
   <subfield code="c">DE-627</subfield>
   <subfield code="e">rda</subfield>
  </datafield>
  <datafield tag="041" ind1=" " ind2=" ">
   <subfield code="a">fre</subfield>
  </datafield>
  <datafield tag="044" ind1=" " ind2=" ">
   <subfield code="c">XA-FR</subfield>
  </datafield>
  <datafield tag="050" ind1=" " ind2="0">
   <subfield code="a">SK</subfield>
  </datafield>
  <datafield tag="082" ind1="0" ind2=" ">
   <subfield code="a">930</subfield>
   <subfield code="q">BSZ</subfield>
  </datafield>
  <datafield tag="084" ind1=" " ind2=" ">
   <subfield code="a">15.19</subfield>
   <subfield code="2">bkl</subfield>
  </datafield>
  <datafield tag="084" ind1=" " ind2=" ">
   <subfield code="a">38.22</subfield>
   <subfield code="2">bkl</subfield>
  </datafield>
  <datafield tag="100" ind1="1" ind2=" ">
   <subfield code="a">Goudemez, Sophie</subfield>
   <subfield code="e">VerfasserIn</subfield>
   <subfield code="0">(DE-588)1160045453</subfield>
   <subfield code="0">(DE-627)1023141930</subfield>
   <subfield code="0">(DE-576)505463741</subfield>
   <subfield code="4">aut</subfield>
  </datafield>
  <datafield tag="245" ind1="1" ind2="0">
   <subfield code="a">Chasse et élevage au Premier âge du Fer dans le Nord-Est de la France</subfield>
   <subfield code="c">Sophie Goudemez</subfield>
  </datafield>
  <datafield tag="264" ind1=" " ind2="1">
   <subfield code="a">Drémil-Lafage</subfield>
   <subfield code="b">éditions mergoil</subfield>
   <subfield code="c">2018</subfield>
  </datafield>
  <datafield tag="300" ind1=" " ind2=" ">
   <subfield code="a">263 Seiten</subfield>
   <subfield code="b">Illustrationen, Diagramme, Karten</subfield>
   <subfield code="c">30 cm</subfield>
  </datafield>
  <datafield tag="336" ind1=" " ind2=" ">
   <subfield code="a">Text</subfield>
   <subfield code="b">txt</subfield>
   <subfield code="2">rdacontent</subfield>
  </datafield>
  <datafield tag="337" ind1=" " ind2=" ">
   <subfield code="a">ohne Hilfsmittel zu benutzen</subfield>
   <subfield code="b">n</subfield>
   <subfield code="2">rdamedia</subfield>
  </datafield>
  <datafield tag="338" ind1=" " ind2=" ">
   <subfield code="a">Band</subfield>
   <subfield code="b">nc</subfield>
   <subfield code="2">rdacarrier</subfield>
  </datafield>
  <datafield tag="490" ind1="1" ind2=" ">
   <subfield code="a">Archéologie des plantes et des animaux</subfield>
   <subfield code="v">6</subfield>
  </datafield>
  <datafield tag="500" ind1=" " ind2=" ">
   <subfield code="a">enthält Bibliographie</subfield>
  </datafield>
  <datafield tag="655" ind1=" " ind2="7">
   <subfield code="a">Verzeichnis</subfield>
   <subfield code="0">(DE-588)4188171-0</subfield>
   <subfield code="0">(DE-627)105266639</subfield>
   <subfield code="0">(DE-576)210051078</subfield>
   <subfield code="2">gnd-content</subfield>
  </datafield>
  <datafield tag="689" ind1="0" ind2="0">
   <subfield code="d">g</subfield>
   <subfield code="0">(DE-588)4214099-7</subfield>
   <subfield code="0">(DE-627)105067776</subfield>
   <subfield code="0">(DE-576)210218509</subfield>
   <subfield code="a">Frankreich</subfield>
   <subfield code="z">Nordost</subfield>
   <subfield code="2">gnd</subfield>
  </datafield>
  <datafield tag="689" ind1="0" ind2="1">
   <subfield code="d">s</subfield>
   <subfield code="0">(DE-588)4027955-8</subfield>
   <subfield code="0">(DE-627)104791616</subfield>
   <subfield code="0">(DE-576)20897329X</subfield>
   <subfield code="a">Jagd</subfield>
   <subfield code="2">gnd</subfield>
  </datafield>
  <datafield tag="689" ind1="0" ind2="2">
   <subfield code="d">s</subfield>
   <subfield code="0">(DE-588)4060143-2</subfield>
   <subfield code="0">(DE-627)10614085X</subfield>
   <subfield code="0">(DE-576)209133805</subfield>
   <subfield code="a">Tierzucht</subfield>
   <subfield code="2">gnd</subfield>
  </datafield>
  <datafield tag="689" ind1="0" ind2="3">
   <subfield code="d">s</subfield>
   <subfield code="0">(DE-588)4072254-5</subfield>
   <subfield code="0">(DE-627)106095854</subfield>
   <subfield code="0">(DE-576)209186321</subfield>
   <subfield code="a">Hallstattkultur</subfield>
   <subfield code="2">gnd</subfield>
  </datafield>
  <datafield tag="689" ind1="0" ind2=" ">
   <subfield code="5">(DE-627)</subfield>
  </datafield>
  <datafield tag="787" ind1="0" ind2="8">
   <subfield code="i">Rezensiert in</subfield>
   <subfield code="a">Stopp, Barbara</subfield>
   <subfield code="t">[Rezension von: Sophie Goudemez, Chasse et élevage au Premier âge du Fer dans le Nord-Est de la France]</subfield>
   <subfield code="d">Mainz am Rhein : Verlag Philipp von Zabern, 2020</subfield>
   <subfield code="w">(DE-627)174929978X</subfield>
  </datafield>
  <datafield tag="787" ind1="0" ind2="8">
   <subfield code="i">Rezensiert in</subfield>
   <subfield code="a">Chossenot, Michel</subfield>
   <subfield code="t">[Rezension von: Sophie Goudemez, Chasse et élevage au premier âge du fer dans le nord-est de la France]</subfield>
   <subfield code="d">2019</subfield>
   <subfield code="w">(DE-627)1803996935</subfield>
  </datafield>
  <datafield tag="830" ind1=" " ind2="0">
   <subfield code="a">Archéologie des plantes et des animaux</subfield>
   <subfield code="v">6</subfield>
   <subfield code="9">6</subfield>
   <subfield code="w">(DE-627)572075235</subfield>
   <subfield code="w">(DE-576)098058401</subfield>
   <subfield code="w">(DE-600)2436257-8</subfield>
   <subfield code="x">1625-1075</subfield>
  </datafield>
  <datafield tag="936" ind1="b" ind2="k">
   <subfield code="a">15.19</subfield>
   <subfield code="j">Vor- und Frühgeschichte</subfield>
   <subfield code="0">(DE-627)10640329X</subfield>
  </datafield>
  <datafield tag="936" ind1="b" ind2="k">
   <subfield code="a">38.22</subfield>
   <subfield code="j">Paläozoologie</subfield>
   <subfield code="0">(DE-627)106408208</subfield>
  </datafield>
  <datafield tag="951" ind1=" " ind2=" ">
   <subfield code="a">BO</subfield>
  </datafield>
  <datafield tag="990" ind1=" " ind2=" ">
   <subfield code="a">Frankreich</subfield>
  </datafield>
  <datafield tag="990" ind1=" " ind2=" ">
   <subfield code="a">Jagd</subfield>
  </datafield>
  <datafield tag="990" ind1=" " ind2=" ">
   <subfield code="a">Tierzucht</subfield>
  </datafield>
  <datafield tag="990" ind1=" " ind2=" ">
   <subfield code="a">Hallstattkultur</subfield>
  </datafield>
  <datafield tag="991" ind1=" " ind2=" ">
   <subfield code="a">Rezensiertes Werk</subfield>
  </datafield>
  <datafield tag="999" ind1=" " ind2=" ">
   <subfield code="a">KXP-PPN1017783527</subfield>
   <subfield code="e">4156210960</subfield>
  </datafield>
 </record>
</collection>
